Alkotó légkörben Jegyzetek a Csemadok 14. országos közgyűléséről

Bibliographic Details
Main Author: Szilvássy, József, 1946- (Author)
Format: Article
Language:Hungarian
Subjects:

MARC

LEADER 00000nab a2200000 a 4500
001 vtls000282191
003 SK-MaSNL
005 20260319074851.0
008 160202c1987 xo 0 hun
015 |a SNBRB19rr/mm-uuuuu 
035 |a CL0292309 
040 |a SNKBUCL  |b slo  |c SNKBUCL  |e AACR2 
041 0 |a hun 
044 |a xo  |c SK 
080 |a 374.1(437=945.11)  |2 1981 
100 1 |a Szilvássy, József,  |d 1946-  |4 aut  |9 18091 
245 1 0 |a Alkotó légkörben  |b Jegyzetek a Csemadok 14. országos közgyűléséről  |c József Szilvássy 
650 0 7 |a Csemadok  |2 snkbucl  |9 893810 
655 7 |a články z novín a časopisov  |2 snkbucl  |9 267496 
773 0 |t Új szó  |g Roč. 40, č. 90 (17. 4. 1987), s. 6 
850 |a Slovenská národná knižnica v Martine  |a MTA001 
852 |a SNK  |b KIS3GCP 
958 |a RK 
958 |a HU 
992 |a RBX 
999 |c 1504621  |d 1506551